Vuoden miessolistin Emma-palkinnon voittajat - Statistics

Yleistilastot
  • Tätä visaa on pelattu 51 kertaa
  • Keskiarvotulos 17 / 34
Vastaustilastot
Artisti % Oikein
Cheek
84%
Jari Sillanpää
84%
Antti Tuisku
82%
Antti Tuisku
82%
Juha Tapio
73%
Kirka
71%
Kirka
71%
Lauri Tähkä
69%
Pyhimys
62%
Hector
58%
Jukka Poika
56%
J. Karjalainen
53%
J. Karjalainen
53%
Kari Tapio
53%
Kari Tapio
53%
Pave Maijanen
53%
Matti ja Teppo
51%
Paleface
47%
Ismo Alanko
38%
Ismo Alanko
38%
Ressu Redford
38%
Joel Hallikainen
36%
Samuli Edelmann
36%
Samuli Edelmann
36%
Vesa-Matti Loiri
36%
Vesa-Matti Loiri
36%
Vesa-Matti Loiri
36%
Tommi Läntinen
33%
Neumann
31%
Pepe Willberg
31%
Topi Sorsakoski
24%
Samuli Putro
20%
Mikael Gabriel
18%
Tuure Kilpeläinen
9%
Ehtoja vastaavia visoja ei löytynyt
Tulosjakauma
Jokaisen tuloksen saaneiden osuus
Persentiili vastausten määrän mukaan
Tuloshistoriasi
Et ole pelannut tätä visaa